00353nam a2200133Ia 4500008004100000020001500041041001200056082001100068100001500079245005800094260004400152300000800196650001500204221030s9999 xx 000 0 und d a8131411677 aEnglish a105.23 aR. K. Jain 0aSemantic Web : Concepts & Applicationscby R. K. Jain bICFAI University PressaHyderabadc2007 a206 aManagement